| 000 | 00529nam a2200217Ia 4500 | ||
|---|---|---|---|
| 005 | 20240120093059.0 | ||
| 008 | 131103s9999 xx 000 0 und d | ||
| 020 | _cGBP 2.10 | ||
| 040 | _aLoreto College | ||
| 041 | _aEnglish | ||
| 082 |
_a370 _bPET |
||
| 100 | _aPeterson,A.D.C. | ||
| 245 | 4 |
_aThe Future of Education, _cA.D.C.Peterson |
|
| 260 |
_aLondon _bThe cresset Press _c1968 |
||
| 300 | _a234 p. | ||
| 504 | _aIncludes index | ||
| 650 | _aEducation | ||
| 651 | _aEducation | ||
| 850 | _aLCLIB | ||
| 942 | _cBK | ||
| 999 |
_c2994 _d53473 |
||